000 014160000a22003370004500
003 EG-GICUC
005 20250223032553.0
008 070324s2002 ua h f m 000 0 eng d
040 _aEG-GICUC
_beng
_cEG-GICUC
041 0 _aEng
049 _aDeposite
097 _aPh.D
099 _aCai01.11.24.Ph.D.2002.Na.E
100 0 _aNahla Hussein Abd El wahab
245 1 0 _aEvaluation of the surgical and Non - surgical modalities for management of recurrent horizontal strabismus /
_cNahla Hussein Abd El wahab ; Supervised Mahmoud Ahmed Heshamt AbouSteit , Mohsen Emad Eldin Salem , Lobna Mohamed Ragab Khazbak
246 1 5 _aتقييم الاساليب الجراحية والغير جراحية فى علاج الحول الافقى المرتجع
260 _aCairo :
_bNahla Hussein Abd El wahab ,
_c2002
300 _a188P :
_bfacsimiles ;
_c25cm
502 _aThesis (PH.D.) - Cairo University - Faculty Of Medicine - Department Of Ophthalmology
530 _aIssued also as CD
653 4 _aConsecutive exotropia
653 4 _aResidual esotropia
653 4 _aUndercorrections exotropia
700 0 _aLobna Mohamed Ragab Khazbak ,
_eSupervisor
700 0 _aMahmoud Ahmed Heshamt AbouSteit ,
_eSupervisor
700 0 _aMohsen Emad Eldin Salem ,
_eSupervisor
856 _uhttp://172.23.153.220/th.pdf
905 _aMustafa
_eRevisor
905 _aSamia
_eCataloger
942 _2ddc
_cTH
999 _c77599
_d77599